| 000 | 01424nam a2200385 c 4500 | ||
|---|---|---|---|
| 999 |
_c155204 _d155204 |
||
| 003 | BLK | ||
| 005 | 20240426105257.0 | ||
| 008 | 180410b bul|||||r ||||||| ||bul|| | ||
| 010 | _aKNG00161878000 | ||
| 020 | _a978-954-8898-41-6 | ||
| 040 | _aBLK | ||
| 041 |
_aBUL _cBUL |
||
| 072 | 7 |
_2bullib _aН32 _xПолитика Н |
|
| 080 |
_aПолитика. Вж и 341 ; 342 _b32:159.9 _x:159.9 _z32:159.9 |
||
| 100 | 1 |
_aЛьобон, Густав _eпърви автор _990087 |
|
| 139 |
_aЛьобон, Густав _bЛ 94 |
||
| 245 | 1 | 0 |
_aПолитическа психология _cГустав Льобон; адапт. Нели Влахова. |
| 250 | _aНово изд. | ||
| 257 | _aFRA | ||
| 260 |
_bАсеневци _c2014 |
||
| 300 |
_a304 с. _c20 см |
||
| 380 | _a3 | ||
| 500 | _aБез сведение за ориг. загл. - 1. изд. 1940 в библ. Съвременна философия и история ; № 2. - Съдържа и за авт. | ||
| 650 | 4 |
_aПсихология, политическа _9275337 |
|
| 653 | _aполитическа психология | ||
| 659 | _aН | ||
| 700 | 1 |
_aВлахова, Нели _eадапт. _9332740 |
|
| 852 | _aЦб 269265 | ||
| 856 | 4 | _qpdf | |
| 856 | 4 | _qpdf | |
| 942 |
_cKNG _n0 _s1 _02 |
||
| 944 |
_aCR _c11.06.2014 _lЦветелина Шанова _k30531 |
||
| 944 |
_aED _c28.10.2014 _lф / |
||
| 999 | _d155204 | ||